UBT Library

Sociology/ (Record no. 1280)

000 -LEADER
fixed length control field 00430nam a2200145 4500
008 - FIXED-LENGTH DATA ELEMENTS--GENERAL INFORMATION
fixed length control field 151015b xxu||||| |||| 00| 0 eng d
020 ## - INTERNATIONAL STANDARD BOOK NUMBER
International Standard Book Number 9780072504767
041 0# - LANGUAGE CODE
Language code of text/sound track or separate title eng
080 ## - UNIVERSAL DECIMAL CLASSIFICATION NUMBER
Universal Decimal Classification number 316
245 0# - TITLE STATEMENT
Title Sociology/
Statement of responsibility, etc Kenneth J. Neubeck , Davita Silfen Galsberg
260 ## -
-- New York, NY
-- McGraw-Hill
-- 2005
300 ## -
-- [574] f.;
-- me il,
-- 25 cm
650 #0 -
-- Shkenca Shoqerore
942 ## - ADDED ENTRY ELEMENTS (KOHA)
Source of classification or shelving scheme
Item type Books

No items available.

UBT Library © 2015-2024. All rights reserved University Education for Business and Technology